000 00657nam a2200265Ia 4500
008 210210b1924 xxu||||| |||| 00| 0 eng d
041 _aeng
082 _a954/680
100 _aKAYE (G R)
245 _aIndex to the annual reports of the director genearl of archaeology in India 1902 to 1916.
260 _aCalcutta
_bSuperintendent Government Printing
_c1924
300 _a169
650 _ato
650 _areports
650 _aIndia
650 _aIndex
650 _agenearl
650 _adirector
650 _aarchaeology
650 _aannual
650 _a1916.
650 _a1902
690 _aIndian History
906 _a002180
999 _c121116
_d121116